Why? : Food & nutrition

Na minha lista:
Detalhes bibliográficos
Autor principal: YeaRimDang
Formato: Livro
Idioma:Undetermined
Publicado em: New York McGrawHill 2013
Assuntos:
Tags: Adicionar Tag
Sem tags, seja o primeiro a adicionar uma tag!
Thư viện lưu trữ: Trung tâm Học liệu Trường Đại học Cần Thơ
LEADER 00553nam a2200205Ia 4500
001 CTU_190781
008 210402s9999 xx 000 0 und d
082 |a 613.2 
082 |b Y39 
100 |a YeaRimDang 
245 0 |a Why? : 
245 0 |b Food & nutrition 
245 0 |c YeaRimDang 
260 |a New York 
260 |b McGrawHill 
260 |c 2013 
650 |a Dinnh dưỡng,Nutrition,Health food and nutrition 
650 |x Chế độ ăn,Dietetics 
904 |i Tuyến 
980 |a Trung tâm Học liệu Trường Đại học Cần Thơ